header

Islamic banking in Indonesia (Record no. 61361)

MARC details
000 -LEADER
fixed length control field 01453nam a2200349 a 4500
100 1# - MAIN ENTRY--AUTHOR NAME
Personal name Ismal, Rifki.
245 10 - TITLE STATEMENT
Title Islamic banking in Indonesia
260 ## - PUBLICATION, DISTRIBUTION, ETC. (IMPRINT)
Place of publication Singapore :
Name of publisher Wiley,
Year of publication 2013.
300 ## - PHYSICAL DESCRIPTION
Number of Pages xxi, 519 p. :
Other physical details ill.
490 0# - SERIES STATEMENT
Series statement Islamic finance
500 ## - GENERAL NOTE
General note "The first edition of this book, 'The Indonesian Islamic banking : theory and practice' was published by Gramata in 2011."
650 #0 - SUBJECT ADDED ENTRY--TOPICAL TERM
Topical Term Banks and banking
Topical Term Banks and banking
Topical Term Islam
856 40 - ELECTRONIC LOCATION AND ACCESS
Uniform Resource Identifier http://site.ebrary.com/lib/rucke/Doc?id=10667424

No items available.

© 2026 Rongo University
Contact us: librarian | system librarian | Rongo university